000 00793nam a2200229Ii 4500
003 JO-AjNU
008 230605s9999||||xx |||||||||||||| ||und||
017 _a1999/1/126
020 _a9957-11-012-8
040 _aJO-AjNU
_bara
_erda
_cJO-AjNU
041 _aara
050 1 4 _aQ180.A1.U2288
100 3 _aعبيدات، محمد/ م . مشارك محمد ابو نصار ، عقلة المبيضين ,
_eauthor
_930028
245 0 0 _aمنهجية البحث العلمي القواعد والمراحل والتطبيقات
250 _aط2
264 3 1 _aعمان:دار وائل ، 2006
300 _a252ص
336 _atext
_btxt
_2rdacontent
337 _aunmediated
_bn
_2rdamedia
338 _avolume
_bnc
_2rdacarrier
650 4 _aالمعارف العامة -البحوث
_930029
999 _aA11855
_c15423
_d15423